Ảnh hưởng của các yếu tố vốn luân chuyển đến khả năng sinh lợi của các doanh nghiệp niêm yết trên sở giao dịch chứng khoán Thành phố Hồ Chí Minh : Luận văn tốt nghiệp cao học. Chuyên ngành Tài chính ngân hảng

Đánh giá thực trạng quản trị vốn luân chuyển (VLC) của các DN niêm yết trên HOSE; phân tích mức độ ảnh hưởng của các yếu tố VLC đến khả năng sinh lợi DN niêm yết trên HOSE; đề xuất một số giải pháp kiểm soát các yếu tố VLC nhằm duy trì...

Deskribapen osoa

Gorde:
Xehetasun bibliografikoak
Egile nagusia: Vũ, Thị Nga
Formatua: Liburua
Hizkuntza:Undetermined
Argitaratua: Cần Thơ Trường Đại học Cần Thơ 2016
Gaiak:
Etiketak: Etiketa erantsi
Etiketarik gabe, Izan zaitez lehena erregistro honi etiketa jartzen!
Thư viện lưu trữ: Trung tâm Học liệu Trường Đại học Cần Thơ
LEADER 01406nam a2200217Ia 4500
001 CTU_209288
008 210402s9999 xx 000 0 und d
082 |a 332.642 
082 |b Ng100 
088 |a 60340201 
100 |a Vũ, Thị Nga 
245 0 |a Ảnh hưởng của các yếu tố vốn luân chuyển đến khả năng sinh lợi của các doanh nghiệp niêm yết trên sở giao dịch chứng khoán Thành phố Hồ Chí Minh : 
245 0 |b Luận văn tốt nghiệp cao học. Chuyên ngành Tài chính ngân hảng 
245 0 |c Vũ Thị Nga ; Trương Đông Lộc (Hướng dẫn khoa học) 
260 |a Cần Thơ 
260 |b Trường Đại học Cần Thơ 
260 |c 2016 
520 |a Đánh giá thực trạng quản trị vốn luân chuyển (VLC) của các DN niêm yết trên HOSE; phân tích mức độ ảnh hưởng của các yếu tố VLC đến khả năng sinh lợi DN niêm yết trên HOSE; đề xuất một số giải pháp kiểm soát các yếu tố VLC nhằm duy trì và nâng cao khả năng sinh lợi cho DN 
650 |a Thị trường chứng khoán,Stock exchanges 
904 |i Nguyễn Thị Phương Thảo (Nguyên) 
980 |a Trung tâm Học liệu Trường Đại học Cần Thơ